| 000 | 00995cam a22002891 4500 | ||
|---|---|---|---|
| 999 |
_c23490 _d23490 |
||
| 001 | 10324478 | ||
| 003 | BDDh-ASL | ||
| 005 | 20231015030240.0 | ||
| 008 | 740917s1959 xx 000 0 eng | ||
| 010 | _asa 64001642 | ||
| 035 | _a(OCoLC)1011767 | ||
| 040 |
_aDLC _cNIC _dDLC _dBDDh-ASL |
||
| 042 | _apremarc | ||
| 050 | 0 | 0 |
_aDS486.P26 _bA55 |
| 082 |
_a930.1 _bALR |
||
| 100 | 1 | _aAltekar, Anant Sadashiv | |
| 245 | 1 | 0 |
_aReport on Kumrahar excavations, 1951-1955 / _cby A. S. Altekar and Vijayakanta Mishra. |
| 260 |
_aPatna: _bK. P. Jayaswal Research Institute, _c1959. |
||
| 300 |
_axv, 142 p. : _billus., 82 plates, fold. maps. _c27cm. |
||
| 490 | 1 |
_aK. P. Jayaswal Research Institute, Historical research series, _vno. 3 |
|
| 651 | 0 |
_aPatna (India) _xAntiquities. |
|
| 700 | 1 | _aMishra, Vijayakanta, joint author. | |
| 740 | 0 | _aKumrahar excavations. | |
| 830 | 0 |
_aHistorical researches series ; _vno. 3. |
|
| 906 |
_a7 _bcbc _coclcrpl _du _encip _f19 _gy-gencatlg |
||
| 942 |
_2ddc _cBK |
||